书目信息 |
| 题名: |
曲线和曲面的微分几何学
|
|
| 作者: | 卡尔莫 , Damo 著 ;田畴 译 | |
| 分册: | ||
| 出版信息: | 上海 上海科学技术出版社 1988.10 |
|
| 页数: | 490页 | |
| 开本: | 20cm | |
| 丛书名: | ||
| 单 册: | ||
| 中图分类: | O186.11 , O186.1 | |
| 科图分类: | ||
| 主题词: | 曲线-微分几何 , 微分几何-曲线 , 曲面-微分几何 , 微分几何-曲面 | |
| 电子资源: | ||
| ISBN: | 7-5323-0189-3 | |
| 000 | 01142nam0 2200349 45 | |
| 001 | 0189003800 | |
| 005 | 20040707092556.2 | |
| 010 | @a7-5323-0189-3@dCNY6.55 | |
| 020 | @aCN@b89003800 | |
| 100 | @a19900816d1988 m y0chiy0120 ea | |
| 101 | 1 | @achi@ceng |
| 102 | @aCN@b310000 | |
| 105 | @ay z 000yy | |
| 106 | @ar | |
| 200 | 10 | @a曲线和曲面的微分几何学@Aqu xian he qu mian de wei fen ji he xue@f(巴西)卡尔莫(Carmo,M.P.do)著@F( ba xi ) ka er mo (Carmo,M.P.do) zhu@g田 畴等译 |
| 210 | @a上海@c上海科学技术出版社@d1988.10 | |
| 215 | @a490页@d20cm | |
| 300 | @a书名原文:Differential geometry of curves and surfaces | |
| 300 | @a著者原题无汉译名 | |
| 510 | 1 | @aDifferential geometry of curves and surfaces@zeng |
| 540 | 1 | @a曲线 曲面 微分几何学@Aqu xian qu mian wei fen ji he xue |
| 606 | @a曲线-微分几何 | |
| 606 | @a微分几何-曲线 | |
| 606 | @a曲面-微分几何 | |
| 606 | @a微分几何-曲面 | |
| 690 | @aO186.11@v3 | |
| 690 | @aO186.1@v3 | |
| 701 | 1 | @a卡尔莫@Aka er mo@bM.P.do@4著 |
| 701 | A1 | @aDamo@bM.P.do@4著 |
| 702 | 0 | @a田畴@Atian chou@4译 |
| 801 | 0 | @aCN@bNLC@c19900816 |
| 905 | @dO186.1@e28@f1@b218551 | |
| 曲线和曲面的微分几何学/(巴西)卡尔莫(Carmo,M.P.do)著/田 畴等译.-上海:上海科学技术出版社,1988.10 |
| 490页;20cm |
| 书名原文:Differential geometry of curves and surfaces.-著者原题无汉译名 |
| ISBN 7-5323-0189-3:CNY6.55 |
| ● |
| 相关链接 |
|
|
|
|
正题名:曲线和曲面的微分几何学
索取号:O186.1/28
 
预约/预借
| 序号 | 登录号 | 条形码 | 馆藏地/架位号 | 状态 | 备注 |
| 1 | 0218550 | 000405993 | 第三借阅区/ [索取号:O186.1/28] | 在馆 | |
| 2 | 0218551 | 001953247 | 第三借阅区/ [索取号:O186.1/28] | 在馆 | |
| 3 | 0218552 | 202087909 | 第二样本阅览室/ [索取号:O186.1/28] | 在馆 |